000 00798nam a2200229 i 4500
001 177550
003 ES-MaACL
005 20250717142011.0
007 t|
008 110401s1975 sp b r ||||1| spa d
020 _a84-312-0195-9
080 _a94(460)"1936/1939"(093.3)
100 1 _aRevilla Cebrecos, Carmelo.
_9145935
245 1 0 _aTercio de Lácar /
_cC. Revilla Cebrecos.
260 _aMadrid :
_bG. del Toro,
_cD. L. 1975.
300 _a353, [16] p. de mapas bl. y n. ;
_c21 cm.
490 1 _aMemorias de la guerra civil española 1936-39 ;
_v19
651 4 _aEspaña-
_xHistoria-
_y1936-1939, Guerra civil-
_vRelatos personales.
_98326
830 0 0 _aMemorias de la guerra civil española 1936-39
_v19
_9181851
852 _aES-MaACL
_jE-14764
_xOlim P-1031
999 _c177550
_d177550